Spell the Marvel Character #317 - Statistics

General Stats
  • This quiz has been taken 11 times
  • The average score is 8 of 10
Answer Stats
Picture Answer % Correct
Iron Man
100%
America Chavez
91%
Nova
91%
Rogue
91%
Throg
91%
Toxin
73%
Triathlon
73%
Hepzibah
55%
Lightspeed
55%
Oya
55%
No matching quizzes found
Score Distribution
Percent of People with Each Score
Percentile by Number Answered
Your Score History
You have not taken this quiz